000 00586nam a2200229 a 4500
999 _c8441
_d8441
001 8441
003 BD-JhCC
005 20180224181344.0
008 180224s1962 i a|||| || | 001 0 eng d
035 _a(BD-JhCC)8441
040 _aBD-JhCC
_dBD-JhCC
041 _aeng
082 _a732.44
_bSAR 1962
100 _aSaraswati, S. K.
245 _aEarly Sculpture of Bengal /
_cS. K. Saraswati,
260 _aCalcutta :
_bSambodhi Publications,
_c1962
300 _a128 p. :
_bill. ;
_c25 cm.
504 _aIncludes Index
650 _aSculpture
942 _2ddc
_cBK